000 00309nam a2200133Ia 4500
005 20251222144913.0
008 251222s9999||||xx |||||||||||||| ||spa||
020 _a978-1-4050-8006-4
082 _a425/T48
100 _aThornbury, Scott
245 0 _aUncovering Grammar
264 _bMacmillan
942 _cLIB
999 _c22404
_d22404